| 000 | 00392nam a2200133 a 4500 | ||
|---|---|---|---|
| 005 | 20140414132057.0 | ||
| 008 | 110714s19uu xx 00 eng d | ||
| 050 |
_aREF 220.9505 _bD78 1994 |
||
| 100 | _aDrane, John | ||
| 245 |
_aThe life that changed the world : _bThe story of jesus. |
||
| 260 |
_aSandy Lane West, Oxford, England : _bLion, _c1994. |
||
| 440 | _aBible world | ||
| 999 |
_c114334 _d114334 |
||